[Event "Championship Moscow 2019"]
[Site "?"]
[Date "2019.04.07"]
[Round "9.12"]
[White "Ageichenko, Genadi A"]
[Black "Obolentseva, Alexandra"]
[Result "1/2-1/2"]
[BlackElo "2350"]
[WhiteElo "2223"]
[LiveChessVersion "1.4.8"]

1. Nf3 {[%clk 1:30:30]} Nf6 {[%clk 1:29:28]} 2. d4 {[%clk 1:29:23]} g6
{[%clk 1:29:14]} 3. Bg5 {[%clk 1:29:21]} Bg7 {[%clk 1:29:34]} 4. Nbd2
{[%clk 1:29:36]} d5 {[%clk 1:29:04]} 5. e3 {[%clk 1:28:46]} O-O {[%clk 1:29:25]}
6. Bd3 {[%clk 1:26:02]} Nbd7 {[%clk 1:29:00]} 7. O-O {[%clk 1:26:00]} c5
{[%clk 1:29:10]} 8. c3 {[%clk 1:26:16]} h6 {[%clk 1:29:09]} 9. Bh4
{[%clk 1:26:20]} Re8 {[%clk 1:27:02]} 10. Bg3 {[%clk 1:18:06]} Nh5
{[%clk 1:26:29]} 11. Be5 {[%clk 1:12:01]} Nxe5 {[%clk 1:25:59]} 12. Nxe5
{[%clk 1:09:07]} Nf6 {[%clk 1:23:03]} 13. b4 {[%clk 1:07:10]} cxb4
{[%clk 1:22:43]} 14. cxb4 {[%clk 1:07:38]} Nd7 15. f4 {[%clk 0:59:45]} Qb6
{[%clk 1:19:09]} 16. Qa4 {[%clk 0:57:00]} Rd8 {[%clk 1:18:17]} 17. Ndf3
{[%clk 0:56:25]} Nxe5 {[%clk 1:08:26]} 18. Nxe5 {[%clk 0:55:36]} Bxe5
{[%clk 1:04:00]} 19. fxe5 {[%clk 0:55:19]} Bd7 {[%clk 1:04:20]} 20. Qb3
{[%clk 0:46:58]} Bb5 {[%clk 1:01:45]} 21. Bxb5 {[%clk 0:42:18]} Qxb5
{[%clk 0:59:02]} 22. a4 {[%clk 0:42:28]} Qc6 {[%clk 0:57:36]} 23. Rac1
{[%clk 0:41:56]} Qe6 {[%clk 0:57:56]} 24. Rc5 {[%clk 0:37:47]} Rac8
{[%clk 0:57:05]} 25. Rfc1 {[%clk 0:36:57]} b6 {[%clk 0:57:06]} 26. R5c3
{[%clk 0:36:08]} Qd7 {[%clk 0:54:44]} 27. b5 {[%clk 0:35:49]} Qf5
{[%clk 0:51:14]} 28. h3 {[%clk 0:32:51]} Kg7 {[%clk 0:51:21]} 29. Rc6
{[%clk 0:31:56]} Ra8 {[%clk 0:50:07]} 30. Rc7 {[%clk 0:28:24]} Rac8
{[%clk 0:45:48]} 31. Kh2 {[%clk 0:26:11]} Rxc7 {[%clk 0:45:07]} 32. Rxc7
{[%clk 0:26:39]} Rd7 {[%clk 0:45:30]} 33. Rc6 {[%clk 0:26:19]} h5
{[%clk 0:44:31]} 34. Qc2 {[%clk 0:25:05]} Qg5 {[%clk 0:41:22]} 35. Qf2
{[%clk 0:25:03]} e6 {[%clk 0:41:32]} 36. Qf4 {[%clk 0:24:40]} Qe7
{[%clk 0:40:52]} 37. Rc8 {[%clk 0:20:32]} Rb7 {[%clk 0:40:32]} 38. Kg3
{[%clk 0:19:46]} Kh7 {[%clk 0:37:24]} 39. Qh4 {[%clk 0:15:25]} Qxh4+
{[%clk 0:35:53]} 40. Kxh4 {[%clk 0:15:52]} Kh6 {[%clk 0:35:59]} 41. Kg3
{[%clk 0:15:39]} Kg5 {[%clk 0:35:50]} 42. Kf3 {[%clk 0:15:07]} Rd7
{[%clk 0:36:15]} 43. e4 {[%clk 0:11:50]} dxe4+ {[%clk 0:36:22]} 44. Kxe4
{[%clk 0:12:17]} Kh4 {[%clk 0:36:27]} 45. Rc3 {[%clk 0:12:08]} g5
{[%clk 0:36:38]} 46. Rf3 {[%clk 0:08:08]} Rc7 {[%clk 0:35:04]} 47. Kd3
{[%clk 0:08:25]} g4 {[%clk 0:35:17]} 48. hxg4 {[%clk 0:08:07]} hxg4
{[%clk 0:35:32]} 49. Rf2 {[%clk 0:01:52]} Kg3 {[%clk 0:35:55]} 50. Ra2
{[%clk 0:02:14]} Kh2 {[%clk 0:36:01]} 51. d5 {[%clk 0:02:26]} exd5
{[%clk 0:35:38]} 52. Kd4 {[%clk 0:02:55]} g3 {[%clk 0:35:01]} 53. Kxd5
{[%clk 0:03:18]} Rc1 {[%clk 0:35:26]} 54. a5 {[%clk 0:01:15]} Rc5+
{[%clk 0:35:41]} 55. Kd6 {[%clk 0:01:09]} Rxb5 {[%clk 0:36:03]} 56. axb6
{[%clk 0:01:33]} axb6 {[%clk 0:35:49]} 57. Ra7 {[%clk 0:01:47]} Rb3
{[%clk 0:34:56]} 58. Rxf7 {[%clk 0:02:05]} Rd3+ {[%clk 0:35:22]} 59. Kc6
{[%clk 0:01:35]} Re3 {[%clk 0:35:46]} 60. Kd6 {[%clk 0:01:20]} b5
{[%clk 0:29:17]} 61. e6 {[%clk 0:01:44]} b4 {[%clk 0:29:43]} 62. e7
{[%clk 0:01:45]} b3 {[%clk 0:30:02]} 63. Rf3 {[%clk 0:01:53]} Rxf3
{[%clk 0:28:47]} 64. e8=Q {[%clk 0:02:15]} Rf2 {[%clk 0:28:39]} 65. Qh5+
{[%clk 0:02:00]} Kxg2 {[%clk 0:29:02]} 66. Qd5+ {[%clk 0:02:19]} Kh2
{[%clk 0:28:24]} 67. Qh5+ {[%clk 0:02:00]} Kg2 {[%clk 0:28:27]} 68. Qd5+
{[%clk 0:02:29]} Rf3 {[%clk 0:28:49]} 69. Qd2+ {[%clk 0:02:44]} Rf2
{[%clk 0:28:50]} 70. Qd5+ {[%clk 0:03:08]} Kh2 {[%clk 0:29:13]} 71. Qh5+
{[%clk 0:03:32]} 1/2-1/2



*

[Event "Championship Moscow 2019"]
[Site "Ìîñêâà, ÐÃÑÓ, óë.Ò]
[Date "2019.04.07"]
[Round "9.13"]
[White "Fedorov, Nikita"]
[Black "Salman, Pavel"]
[Result "1/2-1/2"]
[WhiteElo "2030"]
[BlackElo "2248"]
[PlyCount "198"]
[EventDate "2019.03.30"]

1. e4 c5 2. Nf3 e6 3. d4 cxd4 4. Nxd4 a6 5. Be2 Qc7 6. Nc3 b5 7. a3 Bb7 8. O-O
Nf6 9. Bf3 Nc6 10. Nxc6 dxc6 11. Qe2 Bd6 12. g3 h5 13. Rd1 e5 14. Bg5 Nh7 15.
Be3 h4 16. Bb6 Qxb6 17. Rxd6 hxg3 18. hxg3 Qc5 19. Rad1 O-O 20. Qd2 a5 21. Kg2
Bc8 22. Na2 Be6 23. b4 Qa7 24. Nc1 axb4 25. axb4 c5 26. Nd3 cxb4 27. Nxe5 Qc5
28. Nc6 Rae8 29. Qxb4 Qxb4 30. Nxb4 Ng5 31. g4 Nxf3 32. Kxf3 Bxg4+ 33. Kxg4
Rxe4+ 34. Kg3 Rxb4 35. Rd8 Rc4 36. R8d5 Rb8 37. Rb1 b4 38. Rb2 g6 39. Kg2 Kg7
40. Rd3 Rb5 41. Rdb3 Rg5+ 42. Kf1 Rgg4 43. c3 bxc3 44. Rc2 Rcd4 45. Rbxc3 Rd1+
46. Ke2 Rgd4 47. Rc4 Rd6 48. Rc6 f5 49. Rxd6 Rxd6 50. f4 Kf6 51. Rc3 Ra6 52.
Kf3 Ke6 53. Rd3 Rd6 54. Re3+ Kd5 55. Kg3 Re6 56. Ra3 Rc6 57. Ra4 Rc4 58. Ra6
Rc1 59. Kf3 Rc3+ 60. Kf2 Rc6 61. Ra5+ Ke4 62. Ra4+ Kd3 63. Kf3 Rc1 64. Ra3+ Kd2
65. Ra6 Rf1+ 66. Kg3 Ke3 67. Ra3+ Ke4 68. Ra4+ Kd5 69. Kg2 Rd1 70. Kf3 Rd3+ 71.
Kf2 Rd4 72. Ra5+ Ke4 73. Ra6 Rd2+ 74. Kg3 Rd3+ 75. Kf2 Rf3+ 76. Ke2 Kxf4 77.
Rxg6 Ra3 78. Rf6 Ra2+ 79. Kf1 Kg4 80. Rb6 f4 81. Rb3 Rh2 82. Ra3 Rh1+ 83. Kg2
Rb1 84. Kf2 Rb4 85. Rc3 Rb2+ 86. Kf1 Kf5 87. Ra3 Rb4 88. Kf2 Ke4 89. Rc3 Rb2+
90. Kf1 f3 91. Rc8 Rb4 92. Re8+ Kf4 93. Rf8+ Ke3 94. Re8+ Re4 95. Rxe4+ Kxe4
96. Kf2 Kf4 97. Kf1 Ke3 98. Ke1 f2+ 99. Kf1 Kf3 1/2-1/2

[Event "Championship Moscow 2019"]
[Site "Ìîñêâà, ÐÃÑÓ, óë.Ò]
[Date "2019.04.07"]
[Round "9.14"]
[White "Sekoyan, Vachagan"]
[Black "Trusov, Mikhail"]
[Result "0-1"]
[WhiteElo "1994"]
[BlackElo "2143"]
[PlyCount "91"]
[EventDate "2019.03.30"]

1. e4 e6 2. d3 d5 3. Nd2 Nf6 4. Ngf3 Nc6 5. g3 Bd6 6. Bg2 e5 7. O-O O-O 8. h3
a5 9. a4 Nb4 10. Nh4 dxe4 11. dxe4 Bc5 12. c3 Nd3 13. b3 Ra6 14. Qc2 Be6 15.
Ba3 Rd6 16. Bxc5 Nxc5 17. Rfd1 Qc8 18. Nf5 Bxf5 19. exf5 Rfd8 20. Nc4 Rxd1+ 21.
Rxd1 Rxd1+ 22. Qxd1 Qd7 23. Qxd7 Nfxd7 24. Nxa5 b6 25. Nc4 Nxb3 26. Kf1 Kf8 27.
Bc6 Nbc5 28. a5 bxa5 29. Nxa5 Ke7 30. Nc4 Kf6 31. Ne3 Nb6 32. Ke2 e4 33. Kd2
Ke5 34. Bb5 Nb7 35. g4 Nd6 36. Be2 c5 37. c4 h5 38. Kc3 f6 39. Ng2 Nf7 40. Nh4
hxg4 41. hxg4 Nh8 42. Ng2 Nc8 43. Kd2 Nf7 44. Ke3 Ne7 45. Nf4 Nd6 46. Bf1 0-1

[Event "Championship Moscow 2019"]
[Site "Ìîñêâà, ÐÃÑÓ, óë.Ò]
[Date "2019.04.07"]
[Round "9.15"]
[White "Zhukov, Anton"]
[Black "Chudinovskikh, Alexander M"]
[Result "1/2-1/2"]
[WhiteElo "2076"]
[BlackElo "2206"]
[PlyCount "103"]
[EventDate "2019.03.30"]

1. d4 Nf6 2. c4 e6 3. Nf3 c5 4. d5 exd5 5. cxd5 d6 6. Nc3 g6 7. e4 Bg7 8. Be2
O-O 9. O-O a6 10. a4 Bg4 11. Nd2 Bxe2 12. Qxe2 Nbd7 13. Nc4 Nb6 14. Ne3 Re8 15.
a5 Nc8 16. Nc4 b5 17. axb6 Nxb6 18. Bf4 Nh5 19. Bd2 Bxc3 20. Nxb6 Bxb2 21. Nxa8
Bxa1 22. Rxa1 Qxa8 23. Qxa6 Qd8 24. Qd3 Qf6 25. Re1 g5 26. Qh3 Nf4 27. Qg3 h6
28. Kf1 Ng6 29. Bc3 Qf4 30. Qxf4 gxf4 31. f3 f5 32. g3 Kf7 33. Kf2 fxg3+ 34.
hxg3 fxe4 35. fxe4 Ne5 36. Bxe5 Rxe5 37. Ke3 Rg5 38. Kf4 Kf6 39. Ra1 h5 40. Rh1
Kg6 41. Rh2 Rg4+ 42. Kf3 Kg5 43. Rh1 Kh6 44. Ra1 Rg6 45. Ra6 Kg5 46. Rc6 Rf6+
47. Ke2 Kg4 48. e5 Rf5 49. exd6 Rxd5 50. d7 Kxg3 51. Rxc5 Rxd7 52. Rxh5 1/2-1/2

[Event "Championship Moscow 2019"]
[Site "Ìîñêâà, ÐÃÑÓ, óë.Ò]
[Date "2019.04.07"]
[Round "9.16"]
[White "Pesotskiy, Mikhail"]
[Black "Pavlov, Mark"]
[Result "1/2-1/2"]
[WhiteElo "2300"]
[BlackElo "2006"]
[PlyCount "80"]
[EventDate "2019.03.30"]

1. d4 d6 2. Nf3 g6 3. g3 Bg7 4. Bg2 Nd7 5. c4 e5 6. Nc3 Ne7 7. O-O O-O 8. dxe5
Nxe5 9. Nxe5 dxe5 10. Bg5 f6 11. Be3 c6 12. Bc5 Qe8 13. Ne4 Be6 14. Qa4 f5 15.
Nd6 Qd7 16. Rfd1 Qc7 17. Ba3 Rfd8 18. Rac1 e4 19. Bh3 c5 20. Nb5 Rxd1+ 21. Qxd1
Qe5 22. Qd6 Nc6 23. Bxc5 Rd8 24. Qxe5 Bxe5 25. Nxa7 Nxa7 26. Bxa7 Ra8 27. Be3
Rxa2 28. b4 Rxe2 29. Bf1 Rb2 30. b5 Kf7 31. c5 Ke7 32. c6 bxc6 33. bxc6 Kd8 34.
Ra1 Kc7 35. Ra6 Bd5 36. Ra5 Kxc6 37. Ra6+ Kc7 38. Ra5 Kc6 39. Ra6+ Kc7 40. Ra5
Kc6 1/2-1/2

[Event "Championship Moscow 2019"]
[Site "Ìîñêâà, ÐÃÑÓ, óë.Ò]
[Date "2019.04.07"]
[Round "9.17"]
[White "Prokopchuk, Yury"]
[Black "Zaitsev, Vitaly"]
[Result "1-0"]
[WhiteElo "2237"]
[BlackElo "1968"]
[Annotator "icy"]
[PlyCount "45"]
[EventDate "2019.03.30"]

1. d4 d5 2. Bf4 c5 3. e3 Nc6 4. c3 Nf6 5. Nf3 Qb6 6. Qc2 Bf5 7. dxc5 Bxc2 8.
cxb6 axb6 9. Bb5 Nd7 10. O-O e6 11. Nbd2 Bf5 12. a4 Be7 13. c4 O-O 14. cxd5
exd5 15. Nb3 Bf6 16. Nbd4 Rfc8 17. b4 Nxd4 18. Nxd4 Bxd4 19. exd4 Nb8 20. Rfc1
Nc6 21. Bxc6 bxc6 22. a5 bxa5 23. bxa5 {çàïèñü íåÿñíà} 1-0

[Event "Championship Moscow 2019"]
[Site "Ìîñêâà, ÐÃÑÓ, óë.Ò]
[Date "2019.04.07"]
[Round "9.18"]
[White "Khmelev, Mikhail"]
[Black "Teiitbaev, Aktilek"]
[Result "1-0"]
[WhiteElo "1995"]
[BlackElo "2193"]
[PlyCount "159"]
[EventDate "2019.03.30"]

1. e4 c5 2. Nf3 d6 3. d4 Nf6 4. Nc3 cxd4 5. Nxd4 a6 6. a3 e5 7. Nf5 h6 8. Bc4
Be6 9. Bxe6 fxe6 10. Nh4 Kf7 11. O-O g5 12. Nf3 Nc6 13. Be3 d5 14. exd5 exd5
15. Ne2 d4 16. Bc1 e4 17. Nfxd4 Bd6 18. Nxc6 bxc6 19. Qd4 Qe7 20. Qc4+ Qe6 21.
Qxe6+ Kxe6 22. Bd2 Be5 23. Bc3 Nd5 24. Bxe5 Kxe5 25. Rfe1 Rab8 26. b3 Rhe8 27.
Rad1 c5 28. Ng3 Nc3 29. Rd3 Nb5 30. Nxe4 Nd4 31. Nxc5+ Kd5 32. Ne6 Rxe6 33.
Rxe6 Kxe6 34. Rxd4 Rc8 35. Rd2 Rc3 36. Kf1 a5 37. a4 h5 38. Re2+ Kd5 39. Ke1
Rc8 40. Kd2 Rf8 41. Kd3 g4 42. c4+ Kd6 43. Kc3 Kc5 44. Re5+ Kb6 45. Rb5+ Ka6
46. Rxh5 Rxf2 47. g3 Rf3+ 48. Kb2 Re3 49. Rh4 Re4 50. h3 Re2+ 51. Ka3 gxh3 52.
Rh6+ Kb7 53. Rxh3 Rf2 54. Rh5 Kb6 55. g4 Rg2 56. Rg5 Rf2 57. Rf5 Rh2 58. g5 Rg2
59. Rf6+ Kb7 60. g6 Kb8 61. Rf5 Rxg6 62. Rb5+ Kc7 63. Rxa5 Kb6 64. Kb4 Rg3 65.
Rd5 Rh3 66. Rd6+ Kb7 67. a5 Rg3 68. Ka4 Rc3 69. Rh6 Ka7 70. Kb4 Rg3 71. c5 Rf3
72. Kc4 Rf4+ 73. Kb5 Rg4 74. Rh7+ Kb8 75. b4 Rg6 76. c6 Rg4 77. Kc5 Rg5+ 78.
Kb6 Rg8 79. Rd7 Kc8 80. Ra7 1-0

[Event "Championship Moscow 2019"]
[Site "Ìîñêâà, ÐÃÑÓ, óë.Ò]
[Date "2019.04.07"]
[Round "9.19"]
[White "Volodin, Viktor"]
[Black "Kurdakov, Yuri"]
[Result "1-0"]
[WhiteElo "2191"]
[BlackElo "2144"]
[Annotator "icy"]
[PlyCount "58"]
[EventDate "2019.03.30"]

1. d4 e6 2. g3 Nf6 3. Bg2 d5 4. c4 Bb4+ 5. Bd2 Be7 6. Nf3 O-O 7. O-O c6 8. Qc2
Nbd7 9. Bf4 Nh5 10. Bc1 Nhf6 11. Bf4 Nh5 12. Bc1 Nhf6 13. Nbd2 b6 14. e4 Bb7
15. e5 Ne8 16. b3 Nc7 17. Bb2 a5 18. Rac1 Rc8 19. Rfd1 Na6 20. Nf1 Rc7 21. Ne3
Qa8 22. Qb1 Rcc8 23. h4 Rfd8 24. Ng5 Nf8 25. f4 c5 26. cxd5 exd5 27. Nf5 Rc7
28. Kh2 h6 29. Nf3 Ne6 {çàïèñü íåÿñíà} 1-0

[Event "Championship Moscow 2019"]
[Site "Ìîñêâà, ÐÃÑÓ, óë.Ò]
[Date "2019.04.07"]
[Round "9.20"]
[White "Lupolov, Boris"]
[Black "Makarenko, Aleksandr"]
[Result "0-1"]
[WhiteElo "1907"]
[BlackElo "2215"]
[PlyCount "83"]
[EventDate "2019.03.30"]

1. d4 Nf6 2. c4 g6 3. Nc3 Bg7 4. e4 d6 5. f3 c6 6. Be3 a6 7. Qd2 b5 8. Rc1 Nbd7
9. cxb5 cxb5 10. Bd3 Bb7 11. Nge2 Rc8 12. O-O O-O 13. b3 e5 14. d5 Nh5 15. a4
Nc5 16. Bc2 b4 17. Nd1 a5 18. g4 Nf6 19. Ng3 Ba6 20. Re1 Nfd7 21. Nf2 Qe7 22.
Bd1 Rc7 23. Qa2 Rfc8 24. Be2 Bxe2 25. Rxe2 Bf6 26. Kg2 Bg5 27. Qd2 Bf4 28. Qd1
Nxb3 29. Rxc7 Rxc7 30. Bxf4 exf4 31. Nf5 gxf5 32. exf5 Ne5 33. Qxb3 Rc3 34. Qb1
Rxf3 35. Qe4 Qh4 36. Qxf3 Nxf3 37. Kxf3 Qd8 38. Kxf4 h6 39. Ne4 b3 40. f6 Qb8
41. Rb2 Qb4 42. Ke3 0-1

[Event "Championship Moscow 2019"]
[Site "Ìîñêâà, ÐÃÑÓ, óë.Ò]
[Date "2019.04.07"]
[Round "9.21"]
[White "Pak, Nikita"]
[Black "Zenin, Dmitry"]
[Result "0-1"]
[WhiteElo "1916"]
[BlackElo "2236"]
[PlyCount "82"]
[EventDate "2019.03.30"]

1. b3 e5 2. Bb2 Nc6 3. c4 Nf6 4. e3 d5 5. cxd5 Nxd5 6. Nc3 Be6 7. Nf3 Bd6 8.
Bb5 O-O 9. O-O Qe7 10. d4 exd4 11. Nxd5 Bxd5 12. Bxc6 Bxc6 13. Nxd4 Qe5 14. g3
Bd7 15. Qc2 Qh5 16. f4 Rfe8 17. e4 f6 18. Rfe1 Rad8 19. Nf5 Bc6 20. Nxd6 Rxd6
21. Re2 f5 22. Qc4+ Kh8 23. Be5 Rd7 24. Rae1 Bxe4 25. Rxe4 fxe4 26. Qxe4 Rd2
27. h4 Qg4 28. Qe3 Rdd8 29. Kf2 h6 30. Re2 b6 31. b4 Re7 32. Qc3 Qf5 33. Qc6
Kh7 34. a4 Rd1 35. a5 Rb1 36. g4 Qxg4 37. Qc2+ Qg6 38. f5 Qg1+ 39. Kf3 Rf1+ 40.
Ke4 Qg4+ 41. Kd5 Qxf5 0-1

[Event "Championship Moscow 2019"]
[Site "Ìîñêâà, ÐÃÑÓ, óë.Ò]
[Date "2019.04.07"]
[Round "9.22"]
[White "Zhuk, Kirill"]
[Black "Yakimenko, Alexander A"]
[Result "0-1"]
[WhiteElo "1894"]
[BlackElo "2185"]
[PlyCount "134"]
[EventDate "2019.03.30"]

1. e4 e5 2. Nf3 Nc6 3. Bc4 Be7 4. d3 Nf6 5. a4 O-O 6. O-O d5 7. exd5 Nxd5 8. a5
a6 9. c3 Bg4 10. Nbd2 Qd7 11. h3 Be6 12. Re1 f6 13. Ne4 Kh8 14. d4 Bg8 15. dxe5
fxe5 16. Re3 Nd4 17. Nxe5 Nxe3 18. Bxe3 Qf5 19. Bxd4 Bxc4 20. Ng3 Qe6 21. Qh5
Kg8 22. Re1 Bd6 23. Ne4 Bxe5 24. Ng5 Qg6 25. Qxg6 hxg6 26. Rxe5 Rf5 27. b4 Rxe5
28. Bxe5 Rc8 29. Bd4 Bd5 30. h4 Re8 31. Be3 Kf8 32. Bc5+ Kg8 33. Be3 Re5 34.
Bf4 Re1+ 35. Kh2 Re2 36. Kg3 Rc2 37. Be5 b6 38. axb6 cxb6 39. Nh3 a5 40. bxa5
bxa5 41. c4 Bxc4 42. Nf4 a4 43. Nxg6 a3 44. Ne7+ Kf7 45. Nf5 g6 46. Ne3 Rc1 47.
Kf4 Bd3 48. g4 a2 49. Kg5 a1=Q 50. Bxa1 Rxa1 51. f4 Kg7 52. h5 Ra5+ 53. f5 gxf5
54. gxf5 Re5 55. Kf4 Re4+ 56. Kf3 Rh4 57. Kg3 Rxh5 58. Kf4 Kf7 59. Kg4 Be2+ 60.
Kf4 Rh4+ 61. Kg5 Re4 62. Nd5 Rg4+ 63. Kh6 Bf3 64. Ne3 Rg1 65. Nc4 Kf6 66. Kh7
Rg7+ 67. Kh8 Bd5 0-1

[Event "Championship Moscow 2019"]
[Site "Ìîñêâà, ÐÃÑÓ, óë.Ò]
[Date "2019.04.07"]
[Round "9.23"]
[White "Gerasimov, Vadim"]
[Black "Khudyakov, Stanislav"]
[Result "0-1"]
[WhiteElo "1688"]
[BlackElo "2106"]
[PlyCount "60"]
[EventDate "2019.03.30"]

1. d4 Nf6 2. c4 c6 3. Nc3 d5 4. Nf3 dxc4 5. a4 Bg4 6. e3 e6 7. Bxc4 Nbd7 8. O-O
Bb4 9. Qb3 a5 10. Ne1 O-O 11. f3 Bh5 12. Nd3 Bd6 13. Bxe6 Qc7 14. Bh3 Bxh2+ 15.
Kh1 Bg6 16. e4 Bg3 17. Ne2 Nh5 18. Be3 Kh8 19. Rac1 Rad8 20. Nc5 Nxc5 21. Rxc5
b6 22. Rc3 f5 23. e5 f4 24. Bg1 Bf5 25. Bxf5 Rxf5 26. Qe6 Rdf8 27. Rxc6 Qd8 28.
Qxf5 Rxf5 29. Bh2 Rf8 30. Ng1 Qxd4 0-1

[Event "Championship Moscow 2019"]
[Site "Ìîñêâà, ÐÃÑÓ, óë.Ò]
[Date "2019.04.07"]
[Round "9.25"]
[White "Akhmedov, David"]
[Black "Tarasov, Danila"]
[Result "0-1"]
[WhiteElo "1657"]
[BlackElo "1934"]
[PlyCount "91"]
[EventDate "2019.03.30"]

1. e4 c5 2. Nf3 Nc6 3. g3 Nf6 4. d3 d5 5. Nbd2 Bg4 6. Bg2 e6 7. O-O Qc7 8. c3
Be7 9. Qc2 O-O 10. h3 dxe4 11. dxe4 Bxf3 12. Nxf3 e5 13. Nh4 g6 14. Bg5 Rfd8
15. Rae1 b5 16. f4 Nh5 17. Bxe7 Qxe7 18. Qf2 Rd3 19. Qe2 Rad8 20. Rf3 Nxg3 21.
Rxg3 Rxg3 22. Nf3 exf4 23. e5 c4 24. Qe4 Qc5+ 25. Kf1 Rxf3+ 26. Bxf3 Rd2 27.
Be2 Nxe5 28. Qxf4 Rxb2 29. h4 Qd5 30. Kg1 Nd3 31. Bf3 Nxf4 32. Bxd5 Nxd5 33.
Rc1 b4 34. cxb4 c3 35. a3 Ra2 36. b5 Rxa3 37. b6 axb6 38. h5 gxh5 39. Kf2 Ra2+
40. Kf3 c2 41. Ke2 h4 42. Kf3 Nb4 43. Ke3 Rb2 44. Kd2 Rb1 45. Kc3 Rxc1 46. Kxb4
0-1

[Event "Championship Moscow 2019"]
[Site "Ìîñêâà, ÐÃÑÓ, óë.Ò]
[Date "2019.04.07"]
[Round "9.26"]
[White "Bogaudinov, Rushan"]
[Black "Anisimov, Yuri"]
[Result "0-1"]
[WhiteElo "2123"]
[BlackElo "1919"]
[PlyCount "92"]
[EventDate "2019.03.30"]

1. d4 Nf6 2. c4 e6 3. Nf3 b6 4. g3 Bb7 5. Bg2 Be7 6. Nc3 d5 7. O-O O-O 8. cxd5
exd5 9. Bf4 Nbd7 10. a4 a5 11. Rc1 c6 12. Ne5 Rc8 13. Bh3 Bb4 14. Qd3 Nxe5 15.
dxe5 Nd7 16. Bf5 h6 17. Qf3 Qe7 18. Qg4 Nxe5 19. Bxe5 Qxe5 20. Bxc8 Bxc8 21.
Qf4 f6 22. Qxe5 fxe5 23. Kg2 Ba6 24. f4 e4 25. b3 Re8 26. Kf2 Bc5+ 27. Ke1 d4
28. Na2 d3 29. Rxc5 bxc5 30. Nc1 dxe2 31. Rf2 Rb8 32. f5 c4 33. Rxe2 cxb3 34.
Rb2 Bc4 35. Kd2 Rb4 36. Kc3 e3 37. Nd3 e2 38. Rb1 Bxd3 39. Kxd3 Rxa4 40. Kxe2
Rb4 41. Kd3 a4 42. Kc3 c5 43. Kb2 Kf7 44. Rc1 c4 45. Ka3 b2 46. Rb1 c3 0-1

[Event "Championship Moscow 2019"]
[Site "Ìîñêâà, ÐÃÑÓ, óë.Ò]
[Date "2019.04.07"]
[Round "9.27"]
[White "Alekseev, Mikhail"]
[Black "Israfilov, Ali"]
[Result "1/2-1/2"]
[WhiteElo "1879"]
[BlackElo "1792"]
[PlyCount "115"]
[EventDate "2019.03.30"]

1. e4 c5 2. c3 d5 3. exd5 Qxd5 4. Nf3 Nf6 5. Be2 e5 6. d4 exd4 7. cxd4 cxd4 8.
Qxd4 Bc5 9. Qxd5 Nxd5 10. O-O O-O 11. a3 Nc6 12. Bd2 Nd4 13. Nxd4 Bxd4 14. Nc3
Nxc3 15. Bxc3 Bxc3 16. bxc3 Be6 17. Bf3 Rab8 18. Rfd1 Rfc8 19. Rd3 b6 20. Rad1
g6 21. h3 Kg7 22. Bg4 Bxg4 23. hxg4 Rc4 24. Rd7 a5 25. R1d3 Rxg4 26. Rf3 Rf8
27. Rb7 Ra4 28. Rxb6 Rxa3 29. Rb7 a4 30. g4 Ra1+ 31. Kg2 a3 32. Ra7 a2 33. c4
Kh6 34. Rfa3 Kg5 35. f3 Rc1 36. R7a5+ Kf4 37. Rxa2 Rxc4 38. Ra7 h5 39. gxh5
gxh5 40. R7a4 Rxa4 41. Rxa4+ Kg5 42. Kg3 f5 43. f4+ Kg6 44. Kh4 Rf7 45. Ra6+
Rf6 46. Ra8 Rf7 47. Ra6+ Rf6 48. Ra8 Rf7 49. Ra1 Rf6 50. Rg1+ Kh6 51. Rg5 Kh7
52. Rxh5+ Rh6 53. Kg5 Rxh5+ 54. Kxh5 Kg7 55. Kg5 Kf8 56. Kg6 Ke7 57. Kg5 Kf8
58. Kxf5 1/2-1/2

[Event "Championship Moscow 2019"]
[Site "Ìîñêâà, ÐÃÑÓ, óë.Ò]
[Date "2019.04.07"]
[Round "9.29"]
[White "Usov, Aleksandr E"]
[Black "Brygov, Igor"]
[Result "1-0"]
[WhiteElo "1627"]
[BlackElo "2052"]
[PlyCount "133"]
[EventDate "2019.03.30"]

1. e4 e5 2. Nf3 Nc6 3. d4 d6 4. Bb5 Bd7 5. O-O Be7 6. Bxc6 Bxc6 7. Qe2 Bf6 8.
d5 Bd7 9. c4 Ne7 10. Be3 O-O 11. Nc3 Ng6 12. b4 Nf4 13. Qd2 g5 14. Ne1 Kh8 15.
f3 Rg8 16. Nd3 Qf8 17. g3 Rg6 18. Kh1 Qg7 19. Rac1 Rg8 20. Rg1 Nxd3 21. Qxd3
Rh6 22. g4 Rh3 23. Qf1 Qh6 24. Qg2 Bxg4 25. fxg4 Rxe3 26. Rgf1 Rg6 27. Rf3 Rxf3
28. Qxf3 Qh4 29. Rf1 h5 30. gxh5 g4 31. Qg2 Qxh5 32. Ne2 Qg5 33. Ng3 Qe3 34.
Qf2 Qxf2 35. Rxf2 Kg8 36. Nf5 Kf8 37. c5 dxc5 38. bxc5 Be7 39. Rb2 Bxc5 40.
Rxb7 Rb6 41. Rxb6 cxb6 42. Nh6 b5 43. Nxg4 Bd4 44. h3 b4 45. Nh2 a5 46. Nf1 a4
47. Nd2 b3 48. axb3 a3 49. b4 a2 50. Nb3 a1=Q+ 51. Nxa1 Bxa1 52. b5 Bd4 53. Kg2
Ke7 54. Kf3 Bc5 55. Kg4 Kf6 56. h4 Bd6 57. b6 Bb8 58. b7 Bd6 59. Kh5 Bb8 60.
Kh6 Bd6 61. Kh7 Bc7 62. Kg8 Kg6 63. h5+ Kxh5 64. Kxf7 Kg5 65. Ke6 Kf4 66. d6
Bb8 67. d7 1-0

[Event "Championship Moscow 2019"]
[Site "Ìîñêâà, ÐÃÑÓ, óë.Ò]
[Date "2019.04.07"]
[Round "9.30"]
[White "Kireev, Igor"]
[Black "Zurabian, Vage"]
[Result "1-0"]
[WhiteElo "1673"]
[BlackElo "1842"]
[PlyCount "149"]
[EventDate "2019.03.30"]

1. e4 d6 2. d4 Nf6 3. Nc3 e5 4. Nf3 Nbd7 5. g4 Nxg4 6. Rg1 exd4 7. Nxd4 Nde5 8.
h3 c5 9. Nf5 Bxf5 10. exf5 Qe7 11. Bb5+ Nd7+ 12. Kf1 Ngf6 13. Kg2 O-O-O 14. Re1
Ne5 15. f4 a6 16. Bf1 g6 17. fxe5 dxe5 18. Qf3 Bg7 19. Bg5 h6 20. Nd5 Rxd5 21.
Qxd5 Nxd5 22. Bxe7 Nxe7 23. fxg6 Nxg6 24. Rad1 Kc7 25. Bd3 f5 26. Kh1 Nh4 27.
Rg1 Rh7 28. Rdf1 e4 29. Bxe4 Bd4 30. Rg4 fxg4 31. Bxh7 g3 32. Be4 Bxb2 33. Rf4
g2+ 34. Bxg2 Nxg2 35. Kxg2 Bc1 36. Rf6 b6 37. Kf3 Kb7 38. Ke4 Bg5 39. Rg6 b5
40. Kd5 c4 41. Re6 Bf4 42. Kc5 Bg5 43. Rb6+ Ka7 44. Rg6 Be3+ 45. Kc6 b4 46.
Rg7+ Kb8 47. Rg4 b3 48. axb3 cxb3 49. cxb3 Ka7 50. Rg7+ Kb8 51. h4 a5 52. h5
Bd2 53. Kb5 Bc3 54. Rh7 Bd2 55. Rd7 Bb4 56. Rf7 Bc3 57. Kc4 Bd2 58. Rh7 Ka8 59.
Kb5 Kb8 60. Kc6 Be3 61. Kd5 Kc8 62. Ke6 Kd8 63. Kf6 Bd2 64. Kg6 Ke8 65. Rxh6
Bxh6 66. Kxh6 Kf7 67. Kg5 Kg7 68. Kf5 Kh6 69. Ke5 Kxh5 70. Kd5 Kg5 71. Kc5 a4
72. bxa4 Kf5 73. a5 Ke6 74. a6 Kd7 75. a7 1-0

[Event "Championship Moscow 2019"]
[Site "Ìîñêâà, ÐÃÑÓ, óë.Ò]
[Date "2019.04.07"]
[Round "9.31"]
[White "Muraseev, Vasilii"]
[Black "Kudryaev, Ivan"]
[Result "1/2-1/2"]
[WhiteElo "1444"]
[BlackElo "1667"]
[PlyCount "80"]
[EventDate "2019.03.30"]

1. e4 Nc6 2. Nf3 d6 3. Bb5 Bd7 4. c3 Nf6 5. Qc2 a6 6. Bxc6 Bxc6 7. d3 h6 8. h3
e5 9. Be3 Qd7 10. Nbd2 Qe7 11. O-O-O g5 12. g4 Bg7 13. Nh2 d5 14. f3 O-O-O 15.
Nhf1 d4 16. Bf2 dxc3 17. Qxc3 Bb5 18. Nc4 Rhe8 19. Nfe3 Bf8 20. Nb6+ Kb8 21.
Nbd5 Nxd5 22. Nxd5 Qd6 23. Rd2 Bc6 24. Ne3 Rd7 25. Rhd1 Ba4 26. b3 Qa3+ 27. Qb2
Qxb2+ 28. Kxb2 Bc6 29. Nc2 Red8 30. d4 exd4 31. Bxd4 a5 32. Bc3 Rxd2 33. Rxd2
Rxd2 34. Bxd2 b6 35. Ne3 Bd7 36. Kc2 Be6 37. Nf5 a4 38. f4 axb3+ 39. axb3 f6
40. fxg5 hxg5 1/2-1/2

[Event "Championship Moscow 2019"]
[Site "Ìîñêâà, ÐÃÑÓ, óë.Ò]
[Date "2019.04.07"]
[Round "9.32"]
[White "Grigoryev, Vladislav"]
[Black "Volkov, Andreiy"]
[Result "1-0"]
[WhiteElo "1741"]
[BlackElo "1628"]
[PlyCount "63"]
[EventDate "2019.03.30"]

1. d4 d5 2. Nf3 Nf6 3. c4 e6 4. g3 Be7 5. Bg2 O-O 6. Qc2 c6 7. O-O b6 8. Nbd2
Bb7 9. Rd1 Na6 10. e4 c5 11. exd5 exd5 12. b3 Nb4 13. Qf5 g6 14. Qb1 Ne4 15.
Bb2 Nxd2 16. Rxd2 dxc4 17. bxc4 Qc7 18. d5 Qd6 19. Be5 Qd8 20. a3 Na6 21. Qb2
f5 22. Re1 Bf6 23. Rde2 Bxe5 24. Rxe5 Rf7 25. Qe2 Kf8 26. Qe3 Nc7 27. Qh6+ Kg8
28. Ng5 Rg7 29. d6 Bxg2 30. dxc7 Qxc7 31. Re8+ Rxe8 32. Rxe8# 1-0